American Kpop Idols - Statistics

General Stats
  • This quiz has been taken 30 times
  • The average score is 11 of 22
Answer Stats
Hint Answer % Correct
Seventeen Vernon
95%
TXT Huening Kai
90%
Enhypen Jay
90%
Seventeen Joshua
80%
Kiss Of Life Belle
75%
Kiss Of Life Julie
75%
Le Sserafim Yunjin
75%
Riize Anton
65%
AllDay Project Bailey
65%
Meovv Ella
55%
NCT Johnny
55%
1verse Kenny
45%
Girls' Generation Tiffany
45%
Girls' Generation Jessica
35%
1verse Nathan
30%
Girls' Generation Sunny
30%
Ampers&one Kamden
25%
Ampers&one Kyrell
20%
Re:Wind Eddie
15%
Re:Wind Elaya
15%
Re:Wind Lei
15%
Meovv Gawon
10%
No matching quizzes found
Score Distribution
Percent of People with Each Score
Percentile by Number Answered
Your Score History
You have not taken this quiz